000 00742nam a2200181 i 4500
001 165782
003 ES-MaACL
005 20250807062551.0
008 050907s1830 xxk | |||||||| ||eng d
040 _aCAM
_bspa
_cCAM
100 1 _aStewart, Leonard.
_9132908
245 1 0 _aModern medicine influenced by morbid anatomy
_b: an oration delivered at the fify-seventh anniversary of the Medical Society of London, also, an apology for Medical Nomenclature /
_cby Leonard Stewart.
260 _aLondon :
_bLongman and co. :
_band Burgess and Hill,
_c1830 (
_eJ. Morley)
300 _a56 p. ;
_c22 cm.
650 7 _aMedicina
_2embne
_914891
852 _aES-MaACL
_jT-488-F-1
_z-- Enc. hol.
_z-- Enc. en un vol. facticio
999 _c165782
_d165782